Norse Mythology Bunker Quiz Stats

 Plays Quiz Updated May 25, 2019

Score 0/15 Timer 07:00
1 Play Today
Question Answer % Correct
????
100%
????
98.5%
????
90.4%
????
80.7%
????
70.3%
????
61.2%
????
50.7%
????
40.7%
Question Answer % Correct
????
30.3%
????
25.4%
????
18.9%
????
15.2%
????
11.7%
????
7.7%
????
4.1%

You're not logged in!

Compare scores with friends on all Sporcle quizzes.
OR
Log In

Show Comments

Extras

Top Quizzes Today


Score Distribution

Your Account Isn't Verified!

In order to create a playlist on Sporcle, you need to verify the email address you used during registration. Go to your Sporcle Settings to finish the process.

Report this User

Report this user for behavior that violates our Community Guidelines.

Details: